Principles of instrumental analysis (Record no. 240833)

MARC details
000 -LEADER
fixed length control field 01669nam a22002417a 4500
003 - CONTROL NUMBER IDENTIFIER
control field St Aloysius Coll
005 - DATE AND TIME OF LATEST TRANSACTION
control field 20260128153232.0
008 - FIXED-LENGTH DATA ELEMENTS--GENERAL INFORMATION
fixed length control field 260128b |||||||| |||| 00| 0 eng d
020 ## - INTERNATIONAL STANDARD BOOK NUMBER
International Standard Book Number 9789353506193
040 ## - CATALOGING SOURCE
Transcribing agency AL
041 ## - LANGUAGE CODE
Language code of text/sound track or separate title English
082 ## - DEWEY DECIMAL CLASSIFICATION NUMBER
Classification number 543.07
Item number SKOP
100 ## - MAIN ENTRY--PERSONAL NAME
Personal name Douglas A Skoog
9 (RLIN) 253007
245 ## - TITLE STATEMENT
Title Principles of instrumental analysis
250 ## - EDITION STATEMENT
Edition statement 7th
260 ## - PUBLICATION, DISTRIBUTION, ETC.
Place of publication, distribution, etc. Australia
Name of publisher, distributor, etc. Cengage
Date of publication, distribution, etc. 2018
300 ## - PHYSICAL DESCRIPTION
Extent xx,959p.
Other physical details PB
Dimensions 27.5x21Cm.
365 ## - TRADE PRICE
Source of price type code General
Price type code 5637
Price amount ₹1108.00
Currency code
Unit of pricing ₹1385.00
Price note 20%
Price effective from 26/01/25026
520 ## - SUMMARY, ETC.
Summary, etc. Principles of instrumental analysis is the standard for courses on the principles and applications of modern analytical instruments. In the 7th edition, authors skoog, holler, and Crouch infuse their popular text with updated techniques and new instrumental analysis in action case studies. Updated material enhances the book' S proven approach, which places an emphasis on the fundamental principles of operation for each type of instrument, its optimal area of application, its sensitivity, its precision, and its limitations. The text also introduces students to elementary analogies and digital Electronics, computers, and the treatment of analytical data. A companion website is available, providing students with tutorials on instrumental methods, Excel files of data analysis, and simulations of analytical techniques to help them visualize important concepts. Digital object identifies (do is) are provided for most references to the primary literature.
650 ## - SUBJECT ADDED ENTRY--TOPICAL TERM
Source of heading or term Analytical Chemistry
Topical term or geographic name entry element Instrumental Analysis
9 (RLIN) 253008
700 ## - ADDED ENTRY--PERSONAL NAME
Personal name Holler, F James
Dates associated with a name Crouch, Stanley
9 (RLIN) 253009
942 ## - ADDED ENTRY ELEMENTS (KOHA)
Source of classification or shelving scheme Dewey Decimal Classification
Koha item type Book
Holdings
Withdrawn status Lost status Source of classification or shelving scheme Damaged status Not for loan Collection code Home library Current library Date acquired Source of acquisition Cost, normal purchase price Total Checkouts Full call number Barcode Date last seen Cost, replacement price Price effective from Koha item type
    Dewey Decimal Classification     Analytical Chemistry St Aloysius PG Library St Aloysius PG Library 01/28/2026 Biblios Book Point 1108.00   543.07 SKOP PG025180 01/28/2026 1365.00   Book
    Dewey Decimal Classification     Analytical Chemistry St Aloysius PG Library St Aloysius PG Library 01/28/2026 Biblios Book Point 1108.00   543.07 SKOP PG025181 01/28/2026 1365.00   Book